| 000 | 00469nam a22001937a 4500 | ||
|---|---|---|---|
| 003 | CEME | ||
| 005 | 20210628205932.0 | ||
| 008 | 210208b xxu||||| |||| 00| 0 eng d | ||
| 020 | _a0-07-024927-X | ||
| 040 | _c. | ||
| 082 | _a621.388 GRO | ||
| 100 |
_aGrob, Bernard _919461 |
||
| 245 | _aBasic television principles and servicing | ||
| 250 | _a4TH | ||
| 260 |
_aNEW YORK _bMCGRAW HILL _c1982 |
||
| 300 | _a732P | ||
| 650 |
_aTELEVISION _99473 |
||
| 942 |
_cBK _2ddc |
||
| 999 |
_c582798 _d582798 |
||